000 00736nam a2200289Ia 4500
005 20260324132828.0
008 008 260324s9999 xx 000 0 eng d
020 _a9780080493961
037 _aEBOOK
040 _aCRL
040 _beng
040 _cCRL
041 _2eng
041 _aeng
084 _qCRL
100 _aSteve Hullfish; Bob Donlon; Christopher Phrommayon
_91190776
245 0 _aAvid Xpress Pro and DV On the Spot
245 0 _bTime Saving Tips & Shortcuts from the Pros
260 _bTaylor and Francis
260 _c2004
365 _a
365 _b300
856 _uhttp://www.taylorfrancis.com/books/9780080493961
942 _cEBOOK
999 _c1789217
_d1789217